Normal view
MARC view
Entry Personal Name
001 - CONTROL NUMBER
- control field: 3225
003 - CONTROL NUMBER IDENTIFIER
- control field: BD-DhBUF
005 - DATE AND TIME OF LATEST TRANSACTION
- control field: 20240418101721.0
008 - FIXED-LENGTH DATA ELEMENTS
- fixed length control field: 240418|| aca||aabn | a|a d
040 ## - CATALOGING SOURCE
- Original cataloging agency: BD-DhBUF
- Transcribing agency: BD-DhBUF
100 ## - HEADING--PERSONAL NAME
- Personal name: Joachimsthaler, Erich,
- Dates associated with a name: 1956-
670 ## - SOURCE DATA FOUND
- Source citation: Work cat.: (BD-DhBUF)1970: Aaker, David A. 3224, Brand leadership /, 2000.
